<?xml version="1.0" encoding="UTF-8"?>
<record
    xmlns:xsi="http://www.w3.org/2001/XMLSchema-instance"
    xsi:schemaLocation="http://www.loc.gov/MARC21/slim http://www.loc.gov/standards/marcxml/schema/MARC21slim.xsd"
    xmlns="http://www.loc.gov/MARC21/slim">

  <leader>00609nam a22001577a 4500</leader>
  <controlfield tag="003">OSt</controlfield>
  <controlfield tag="005">20190904153946.0</controlfield>
  <controlfield tag="008">190904b        xxu||||| |||| 00| 0 eng d</controlfield>
  <datafield tag="040" ind1=" " ind2=" ">
    <subfield code="c">RUA</subfield>
  </datafield>
  <datafield tag="082" ind1=" " ind2=" ">
    <subfield code="a">AGR YO 2017 B646 Or.1</subfield>
  </datafield>
  <datafield tag="100" ind1=" " ind2=" ">
    <subfield code="9">13910</subfield>
    <subfield code="a">YO CHANTHA  &#x1799;&#x17BC; &#x1785;&#x17B6;&#x1793;&#x17D2;&#x1790;&#x17B6;</subfield>
  </datafield>
  <datafield tag="245" ind1=" " ind2=" ">
    <subfield code="a">effect of organic mulch on yield of lectuce ( Lactuca Sativa L.)&#x17A5;&#x1791;&#x17D2;&#x1792;&#x1796;&#x179B;&#x1782;&#x1798;&#x17D2;&#x179A;&#x1794;&#x179F;&#x179A;&#x17B8;&#x179A;&#x17B6;&#x1784;&#x17D2;&#x1782;&#x1791;&#x17C5;&#x179B;&#x17BE;&#x1780;&#x17B6;&#x179A;&#x179B;&#x17BC;&#x178F;&#x179B;&#x17B6;&#x179F;&#x17CB;&#x1793;&#x17B7;&#x1784;&#x1791;&#x17B7;&#x1793;&#x17D2;&#x1793;&#x1795;&#x179B;&#x178A;&#x17C6;&#x178E;&#x17B6;&#x17C6;&#x179F;&#x17B6;&#x179B;&#x17B6;&#x178A;</subfield>
  </datafield>
  <datafield tag="260" ind1=" " ind2=" ">
    <subfield code="a">RUA</subfield>
    <subfield code="b">phnom penh</subfield>
    <subfield code="c">2017</subfield>
  </datafield>
  <datafield tag="300" ind1=" " ind2=" ">
    <subfield code="a">x;34p</subfield>
    <subfield code="b">ill;</subfield>
    <subfield code="c">29cm</subfield>
  </datafield>
  <datafield tag="942" ind1=" " ind2=" ">
    <subfield code="2">ddc</subfield>
    <subfield code="c">AGR</subfield>
  </datafield>
  <datafield tag="999" ind1=" " ind2=" ">
    <subfield code="c">18236</subfield>
    <subfield code="d">18236</subfield>
  </datafield>
  <datafield tag="952" ind1=" " ind2=" ">
    <subfield code="0">0</subfield>
    <subfield code="1">0</subfield>
    <subfield code="2">ddc</subfield>
    <subfield code="4">0</subfield>
    <subfield code="6">AGR_YO_2017_000000000000000_B646_OR_1</subfield>
    <subfield code="7">0</subfield>
    <subfield code="9">81706</subfield>
    <subfield code="a">LBB</subfield>
    <subfield code="b">LBB</subfield>
    <subfield code="c">B646</subfield>
    <subfield code="d">2019-09-04</subfield>
    <subfield code="l">1</subfield>
    <subfield code="o">AGR YO 2017 B646 Or.1</subfield>
    <subfield code="p">A43885</subfield>
    <subfield code="r">2020-11-10</subfield>
    <subfield code="s">2020-10-26</subfield>
    <subfield code="w">2019-09-04</subfield>
    <subfield code="y">AGR</subfield>
  </datafield>
  <datafield tag="952" ind1=" " ind2=" ">
    <subfield code="0">0</subfield>
    <subfield code="1">0</subfield>
    <subfield code="2">ddc</subfield>
    <subfield code="4">0</subfield>
    <subfield code="6">AGR_YO_2017_000000000000000_B646_OR_2</subfield>
    <subfield code="7">0</subfield>
    <subfield code="9">81707</subfield>
    <subfield code="a">LBB</subfield>
    <subfield code="b">LBB</subfield>
    <subfield code="c">B646</subfield>
    <subfield code="d">2019-09-04</subfield>
    <subfield code="l">2</subfield>
    <subfield code="o">AGR YO 2017 B646 Or.2</subfield>
    <subfield code="p">A43522</subfield>
    <subfield code="r">2022-07-19</subfield>
    <subfield code="s">2022-07-16</subfield>
    <subfield code="w">2019-09-04</subfield>
    <subfield code="y">AGR</subfield>
  </datafield>
  <datafield tag="952" ind1=" " ind2=" ">
    <subfield code="0">0</subfield>
    <subfield code="1">0</subfield>
    <subfield code="2">ddc</subfield>
    <subfield code="4">0</subfield>
    <subfield code="6">AGR_YO_2017_000000000000000_B646_OR_3</subfield>
    <subfield code="7">0</subfield>
    <subfield code="9">81708</subfield>
    <subfield code="a">LBB</subfield>
    <subfield code="b">LBB</subfield>
    <subfield code="c">B646</subfield>
    <subfield code="d">2019-09-04</subfield>
    <subfield code="o">AGR YO 2017 B646 Or.3</subfield>
    <subfield code="p">A43447</subfield>
    <subfield code="r">2019-09-04</subfield>
    <subfield code="w">2019-09-04</subfield>
    <subfield code="y">AGR</subfield>
  </datafield>
  <datafield tag="952" ind1=" " ind2=" ">
    <subfield code="0">0</subfield>
    <subfield code="1">0</subfield>
    <subfield code="2">ddc</subfield>
    <subfield code="4">0</subfield>
    <subfield code="6">AGR_YO_2017_000000000000000_B646_OR_4</subfield>
    <subfield code="7">0</subfield>
    <subfield code="9">81709</subfield>
    <subfield code="a">LBB</subfield>
    <subfield code="b">LBB</subfield>
    <subfield code="c">B646</subfield>
    <subfield code="d">2019-09-04</subfield>
    <subfield code="l">1</subfield>
    <subfield code="o">AGR YO 2017 B646 Or.4</subfield>
    <subfield code="p">A43072</subfield>
    <subfield code="r">2022-03-11</subfield>
    <subfield code="s">2022-02-15</subfield>
    <subfield code="w">2019-09-04</subfield>
    <subfield code="y">AGR</subfield>
  </datafield>
  <datafield tag="952" ind1=" " ind2=" ">
    <subfield code="0">0</subfield>
    <subfield code="1">0</subfield>
    <subfield code="2">ddc</subfield>
    <subfield code="4">0</subfield>
    <subfield code="6">AGR_YO_2017_000000000000000_B646_OR_5</subfield>
    <subfield code="7">0</subfield>
    <subfield code="9">81710</subfield>
    <subfield code="a">LBB</subfield>
    <subfield code="b">LBB</subfield>
    <subfield code="c">B646</subfield>
    <subfield code="d">2019-09-04</subfield>
    <subfield code="l">2</subfield>
    <subfield code="o">AGR YO 2017 B646 Or.5</subfield>
    <subfield code="p">A43890</subfield>
    <subfield code="r">2024-07-08</subfield>
    <subfield code="s">2024-06-17</subfield>
    <subfield code="w">2019-09-04</subfield>
    <subfield code="y">AGR</subfield>
  </datafield>
  <datafield tag="952" ind1=" " ind2=" ">
    <subfield code="0">0</subfield>
    <subfield code="1">0</subfield>
    <subfield code="2">ddc</subfield>
    <subfield code="4">0</subfield>
    <subfield code="6">AGR_YO_2017_000000000000000_B646_OR_6</subfield>
    <subfield code="7">0</subfield>
    <subfield code="9">81711</subfield>
    <subfield code="a">LBB</subfield>
    <subfield code="b">LBB</subfield>
    <subfield code="c">B646</subfield>
    <subfield code="d">2019-09-04</subfield>
    <subfield code="l">4</subfield>
    <subfield code="m">1</subfield>
    <subfield code="o">AGR YO 2017 B646 Or.6</subfield>
    <subfield code="p">A43222</subfield>
    <subfield code="r">2020-08-24</subfield>
    <subfield code="s">2020-08-10</subfield>
    <subfield code="w">2019-09-04</subfield>
    <subfield code="y">AGR</subfield>
  </datafield>
</record>
